<?xml version="1.0" encoding="UTF-8"?>
<record
    xmlns:xsi="http://www.w3.org/2001/XMLSchema-instance"
    xsi:schemaLocation="http://www.loc.gov/MARC21/slim http://www.loc.gov/standards/marcxml/schema/MARC21slim.xsd"
    xmlns="http://www.loc.gov/MARC21/slim">

  <leader>01549nam a22002417a 4500</leader>
  <controlfield tag="003">DO-SdBJH</controlfield>
  <controlfield tag="005">20230630131314.0</controlfield>
  <controlfield tag="008">230630b        |||||||| |||| 00| 0 spa d</controlfield>
  <datafield tag="040" ind1=" " ind2=" ">
    <subfield code="a">DO-SdBJH</subfield>
    <subfield code="b">spa</subfield>
    <subfield code="c">DO-SdBJH</subfield>
  </datafield>
  <datafield tag="090" ind1=" " ind2=" ">
    <subfield code="a">TG EGCEMC</subfield>
    <subfield code="b">01954 2021</subfield>
  </datafield>
  <datafield tag="100" ind1="1" ind2=" ">
    <subfield code="a">Beltr&#xE1;n Reynoso, Jos&#xE9; Miguel</subfield>
    <subfield code="e">sustentante</subfield>
  </datafield>
  <datafield tag="245" ind1="1" ind2="0">
    <subfield code="a">Ejecuci&#xF3;n del procedimiento operacional de control migratorio en la Provincia Dabaj&#xF3;n 2019-2020 / </subfield>
    <subfield code="c"> Jos&#xE9; Miguel Beltr&#xE1;n Reynoso, Juli&#xE1;n Antonio Claudio G&#xF3;mez, asesores Danilo Bibieca G&#xF3;mez, Roc&#xED;o C. Santana Gonz&#xE1;lez</subfield>
  </datafield>
  <datafield tag="260" ind1=" " ind2=" ">
    <subfield code="a">Santo Domingo :</subfield>
    <subfield code="b">INSUDE, </subfield>
    <subfield code="c">2021</subfield>
  </datafield>
  <datafield tag="300" ind1=" " ind2=" ">
    <subfield code="a">xv, 81 p&#xE1;ginas, cuadros, gr&#xE1;ficos, ilustraciones</subfield>
  </datafield>
  <datafield tag="502" ind1=" " ind2=" ">
    <subfield code="a">Tesis (Especialidad  en Comando y Estado Mayor Conjunto). --   Instituto Superior para la Defensa (INSUDE).  Escuela de Graduados en Comando y Estado Mayor &#x201C;General de Divisi&#xF3;n Gregorio Luper&#xF3;n&#x201D;, 2021.</subfield>
  </datafield>
  <datafield tag="504" ind1=" " ind2=" ">
    <subfield code="a">Incluye referencias bibliogr&#xE1;ficas e &#xED;ndices</subfield>
  </datafield>
  <datafield tag="505" ind1=" " ind2=" ">
    <subfield code="a">Antecedentes del flujo migratorio en la frontera Dominico-Haitiana. --Fundamentos legales para ejecutar el control migratorio en la frontera terrestre Dominico-Haitiana. -- Descripci&#xF3;n de la zona fronteriza entre Rep&#xFA;blica Dominicana-Hait&#xED; (Dajab&#xF3;n)</subfield>
  </datafield>
  <datafield tag="700" ind1="1" ind2=" ">
    <subfield code="a">Claudio G&#xF3;mez,  Juli&#xE1;n Antonio </subfield>
    <subfield code="e">sustentante</subfield>
  </datafield>
  <datafield tag="700" ind1="1" ind2=" ">
    <subfield code="a">Bibieca G&#xF3;mez, Danilo </subfield>
    <subfield code="e">asesor</subfield>
  </datafield>
  <datafield tag="700" ind1="1" ind2=" ">
    <subfield code="a"> Santana Gonz&#xE1;lez, Roc&#xED;o C.</subfield>
    <subfield code="e">asesor</subfield>
  </datafield>
  <datafield tag="830" ind1=" " ind2=" ">
    <subfield code="a">INSUDE. Escuela de Graduados en Comando y Estado Mayor &#x201C;General de Divisi&#xF3;n Gregorio Luper&#xF3;n&#x201D;. Tesis y disertaciones acad&#xE9;micas</subfield>
  </datafield>
  <datafield tag="942" ind1=" " ind2=" ">
    <subfield code="2">CL</subfield>
    <subfield code="c">T</subfield>
  </datafield>
  <datafield tag="999" ind1=" " ind2=" ">
    <subfield code="c">7512</subfield>
    <subfield code="d">7512</subfield>
  </datafield>
  <datafield tag="952" ind1=" " ind2=" ">
    <subfield code="0">0</subfield>
    <subfield code="1">0</subfield>
    <subfield code="2">CL</subfield>
    <subfield code="4">0</subfield>
    <subfield code="7">1</subfield>
    <subfield code="8">TG</subfield>
    <subfield code="a">BJHA</subfield>
    <subfield code="b">BJHA</subfield>
    <subfield code="d">2023-06-30</subfield>
    <subfield code="i">21-01954</subfield>
    <subfield code="l">0</subfield>
    <subfield code="o">TG EGCEMC 01954 2021</subfield>
    <subfield code="p">21-01954</subfield>
    <subfield code="r">2023-06-30 00:00:00</subfield>
    <subfield code="t">e.1</subfield>
    <subfield code="w">2023-06-30</subfield>
    <subfield code="y">T</subfield>
  </datafield>
</record>
